000 00296 a2200085 4500
020 _a9788194867425
100 _aRawal-Sniha M.
_9211699
245 _aमहिला क्रांतिकारकांच्या कथा भाग १
260 _bBharatiya Vichar Sadhana Pune Prakashan
_c2023
999 _c365702
_d365702